Nepriaznivé vplyvy a mechanizmus účinku environmentálnych polutantov - endokrinných disruptorov bakalárska práca

Guardado en:
Detalles Bibliográficos
Autor principal: Mináriková, Veronika
Formato: Libro
Lenguaje:eslovaco
Publicado: Bratislava STU FCHPT 2014
Acceso en línea:Ver en el OPAC
Etiquetas: Agregar Etiqueta
Sin Etiquetas, Sea el primero en etiquetar este registro!

MARC

LEADER 00000nam a2200000 a 4500
005 20260127134339.0
008 140903 2014 000 0 slo d
035 |a vtls010617406 
039 9 |y 201409030908  |z mschk03 
040 |a STUSCHK1  |b slo  |c STUSCHK1  |e AACR2 
100 1 |a Mináriková, Veronika 
245 1 |a Nepriaznivé vplyvy a mechanizmus účinku environmentálnych polutantov - endokrinných disruptorov  |b bakalárska práca  |c Veronika Mináriková 
260 |a Bratislava  |b STU FCHPT  |c 2014 
300 |a 39 s.  |b Obr., tab.  |c 30 cm 
500 |a Obhájené: 16.7.2014 
500 |a Štud. program: ýživa-kozmetika-ochrana zdravia 
500 |a Štud. odbor: potravinárstvo 
500 |a Školiace pracovisko: Odd. biochemickej technológie 
500 |a Evid. číslo: FCHPT-13046-43505 
910 |a SCHK95 
999 |c 10468  |d 10468